MARC

LEADER 00000nas a2200000 i 4500
001 ssj0003890
003 WaSeSS
005 20200512172242.0
006 m d
007 cr n
008 050614c19839999njufr pss 0 a0eng
010 |a  2013203628 
016 7 |a 100973242  |2 dnlm 
022 |a 2330-2976  |y 0739-5086 
035 |a (WaSeSS)ssj0003890 
037 |b Judaica Librarianship / S. Friedman, 26 Pitney St., West Orange, NJ 07025 
040 |a OCLCS  |b eng  |e pn  |c OCLCS  |d TXU  |d OCLCQ  |d DLC  |d OCLCO  |d CUD  |d UMC  |d COO  |d CUS  |d OCLCF  |d AU@  |d VT2  |d WaSeSS 
042 |a pcc  |a nsdp 
050 4 |a Z675.J4  |b A57 
082 1 0 |a 306.696  |2 23 
222 0 |a Judaica librarianship  |b (Online) 
245 0 0 |a Judaica librarianship  |h [electronic resource] 
260 |a [Teaneck, NJ] :  |b Association of Jewish Libraries 
310 |a Semiannual 
362 1 |a Print began with: Volume 1, number 1 (fall 1983). 
506 |a License restrictions may limit access. 
515 |a Publication suspended, 1996-1998. 
555 |a Vols. 1 (1983)-10 (2000). 1 v. 
588 |a Description based on: Volumes 16/17 (2011); title from PDF cover image (publisher's website, viewed on August 3, 2013). 
588 |a Latest issue consulted: Volumes 16/17 (2011) (publisher's website, viewed on August 3, 2013). 
650 0 |a Jewish libraries  |v Periodicals. 
650 0 |a Libraries  |x Special collections  |x Jewish literature  |v Periodicals. 
650 1 7 |a Bibliotheekwezen.  |2 gtt 
650 1 7 |a Speciale collecties.  |2 gtt 
650 1 7 |a Joodse boeken.  |2 gtt 
650 7 |a Jewish libraries.  |2 fast  |0 (OCoLC)fst00982831 
655 0 |a Electronic journals. 
710 2 |a Association of Jewish Libraries. 
776 0 8 |i Print version -2011:  |t Judaica librarianship  |x 0739-5086  |w (DLC) 85645994  |w (OCoLC)9748447 
780 0 0 |t AJL bulletin 
856 4 0 |z Full text available from Research Library: 01/01/2007 to 01/31/2016  |u https://search.proquest.com/publication/35962